Quizzes
Events
Quiz Creation
Community
Videos
Private Events
Remove Ads
Sign In
Join for FREE
Feedback
Dark Mode
Quiz Categories
Sports
Geography
Music
Movies
Television
Just For Fun
Miscellaneous
History
Literature
Language
Science
Gaming
Entertainment
Religion
Holiday
For Kids
Quiz Lab
Recent
Popular Today
Quiz Kudos Today
Editor Picks
Curator Picks
Quizzes by...
Day
Popularity
Type
Ratings
Length
Year
Community
Subscriptions
Recent Discussions
Orange Saloon
Badges
Playlists
Quests
Create
Leaderboards
Showdown
Live 5
Trivia Bingo
Activity
Puzzle Library
Sporcle Events
Private Events
Virtual Trivia
Globe League
Become a Host
Pub Owners
SporcleCon
Opinionation
Our Games
Videos
Blog
Mobile Apps
Partnerships
Remove Ads and Go Orange
Feedback
Entertainment
Celebrity
Famous
Musical
Broadway
Show
Quote
Comic Books
Anime
Superhero
DC Comics
Marvel
Cartoons
Animation
Entertainment
Celebrity
Famous
Musical
Broadway
Show
Quote
Comic Books
Anime
Superhero
DC Comics
Marvel
Cartoons
Animation
Random Quiz
Search Sporcle
×
Quiz Lab
Quiz Lab
Entertainment
Canada
Type in answers that appear in a list
Type in answers that appear in a list
Classic
Best Score? Go Orange.
Famous Canadians Stats
Can you name the Famous Canadians?
By
keysersoze03
6m
20 Questions
272 Plays
272 Plays
272 Plays
Comments
Comments
Give Quiz Kudos
Give Quiz Kudos
-
- Ratings
hide this ad
More Info
Replay
Link that replays current quiz
Next Quiz
Link to next quiz in quiz playlist
You Got
0%
They Got
Avg Score
55%
Avg Friend Score
Upgrade to see
Score Distribution
Jump to the score distribution portion of the page
Score
0/20
Timer
06:00
0
Plays Today
Famous Canadian
% Correct
Céline Dion
87.1%
Pamela Anderson
87.1%
Jim Carrey
84.6%
Mike Myers
82.4%
Keanu Reeves
80.1%
Avril Lavigne
77.6%
William Shatner
71%
Alex Trebek
65.8%
Wayne Gretzky
63.2%
Brendan Fraser
57%
Famous Canadian
% Correct
Bryan Adams
53.7%
Shania Twain
51.8%
James Cameron
46.3%
Terry Fox
44.9%
Kim Cattrall
34.6%
Neil Young
33.1%
Nelly Furtado
27.9%
Elvis Stojko
27.6%
Margaret Atwood
24.6%
Gordon Lightfoot
16.5%
Quiz Playlist
Details
Report
Send in Message
Add To Playlist
More Info:
Can you name the famous Canadians by their picture?
Classic:
Type in answers that appear in a list
Quiz Source
Last Updated: Feb 16, 2017
Quiz Scoreboard
CHALLENGE
Sign Up to Join the Scoreboard
Show All
Scores
Hide
Comments
May contain spoilers
Recently Published
Click the 1999 NBA Draft
by nibperrychub
Sports
2m
Alphabetical 'K' Countries by Flag Minefield
by ylime102
Geography
3m
Pick 6: Fruits
by JohnFran
Miscellaneous
15s
More to Explore
Quiz From the Vault
Featured Blog Post
15 Basketball Trivia Facts You Can Be March Mad About
hide this ad
You Might Also Like...
Tags
Canada Quiz
Famous Quiz
Today's Top Quizzes in Entertainment
Browse Entertainment
hide this ad
Today's Top Quizzes in Canada
Browse Canada
Top Contributed Quizzes in Entertainment
1
Eurovision 2023 Logic Puzzle
2
The Joker Actors by Order
3
Spider-Man Actors by Order
4
JoJo's Bizarre Logic Quiz
5
Marvel, Role-Playing, Shakespeare, and Cats, Oh My!
6
Click the Fictional John
7
Dragon Ball Z: Goku's Fights in Order
8
Click the Fictional Bruce
9
Picture Click Blitz: Snow White
10
The Incredible Hulk Actors by Order
Explore More
Trending Topics
NBA
Marvel
Anime
Disney
Kpop
Harry Potter
Crossword
Country
Pokémon
NFL
WWE
Puzzle
Song
The Office
Soccer
hide this ad
More By:
keysersoze03
Quiz
Plays
Rating
Category
Featured
Created
Guess the Lyrics: Childrens TV Theme Song
1,524
4.00
Music
Jul 23, 2010
Name the 'Love Actually' actors
1,223
3.50
Movies
Dec 30, 2009
Johnny Depp Movie Quotes
562
4.50
Movies
Dec 26, 2009
Famous Canadians
272
4.67
Entertainment
Jul 2, 2010
Top 50 Movies on IMDB.com
263
4.00
Movies
Dec 31, 2009
Go to Creator's Profile
Score Distribution
Quiz Creator Spotlight
keysersoze03
Follow
Send a Message
Quizzes Created
-
Created Quiz Play Count
-
More By This Creator
Popular Quizzes Today
1
Countries of Asia Without Outlines Minefield
2
Find the US States - No Outlines Minefield
3
Pick 6: Fruits
4
Alphabetical 'K' Countries by Flag Minefield
5
The Countries of the World
6
Find the Countries of Europe - No Outlines Minefield
7
Find the US States
8
US States
More Entertainment Quizzes
Celebrity Images (A-Z)
Published
Trending Quizzes
Pick 6: Mountains
Pick 6: Harry Potter
Pick 6: Flags
Pick 6: NFL Teams
Pick 6: Movie Franchises
Recently Updated
NWSL Teams
pecheneg
Women's Final Four Teams by Year
bhenderson79
Presidents Quartet II
eogle
Anything But Clue(do)
eogle
Anything But Oceanian Capitals
eogle
Anything But 7
eogle
Anything But Thing
eogle
Word Ladder: February 29
pecheneg
Song Title Questions
pecheneg
Women's NCAA Tournament #1 Seeds
pecheneg
Trending Topics
Crossword
Disney
NBA
Kpop
Marvel
Harry Potter
Anime
NFL
The Office
Country
WWE
Pokémon
Puzzle
Song
Soccer
Your Account Isn't Verified!
In order to create a playlist on Sporcle, you need to verify the email address you used during registration. Go to your
Sporcle Settings
to finish the process.
Report this User
Report this user for behavior that violates our
Community Guidelines
.
Details:
Send Report
Go to the Sporcle.com Mobile Site →
Comments